[Event "Jyri Vetemaa memorial"]
[Site "?"]
[Date "2004.??.??"]
[Round "?"]
[White "Ernst, Thomas"]
[Black "Sepp, Olav"]
[Result "1/2-1/2"]
[WhiteElo "2464"]
[BlackElo "2452"]
[PlyCount "52"]

1. e4 e5 2. Nf3 Nc6 3. Bb5 Nf6 4. Nc3 Bd6 5. O-O O-O 6. a3 Nd4 7. Bc4 c6 8. d3
Nxf3+ 9. Qxf3 h6 10. Be3 Bc7 11. h3 d6 12. d4 Qe7 13. dxe5 dxe5 14. Rad1 Bb6
15. Bxb6 axb6 16. Qe3 b5 17. Be2 b4 18. axb4 Qxb4 19. b3 Be6 20. Rd3 Rfd8 21.
Rfd1 Rxd3 22. Qxd3 Nd7 23. Bf3 Nc5 24. Qe3 Kh7 25. Be2 Kg8 26. Bf3 Kh7 1/2-1/2

[Event "Jyri Vetemaa memorial"]
[Site "?"]
[Date "2004.??.??"]
[Round "?"]
[White "Kengis, Edvins"]
[Black "Akimov, Ivan"]
[Result "1-0"]
[WhiteElo "2562"]
[BlackElo "2304"]
[PlyCount "99"]

1. Nf3 d5 2. g3 Bg4 3. Bg2 Nd7 4. c4 e6 5. Qb3 Nc5 6. Qc2 Bf5 7. d3 Nf6 8. O-O
Be7 9. Be3 Ncd7 10. cxd5 exd5 11. Nc3 c6 12. Qb3 Qb8 13. Nd4 Nc5 14. Qc2 Bd7
15. b4 Ne6 16. Rab1 Qe5 17. Nxe6 Bxe6 18. Bc5 h5 19. d4 Qc7 20. Bxe7 Kxe7 21.
e4 dxe4 22. Nxe4 Nxe4 23. Bxe4 Qd6 24. b5 Rad8 25. bxc6 bxc6 26. Rb7+ Rd7 27.
Bxc6 Rc8 28. Rxd7+ Qxd7 29. Qc5+ Qd6 30. Qg5+ Kf8 31. d5 Bh3 32. Qxh5 Bxf1 33.
Qh8+ Ke7 34. Qxc8 Bc4 35. Qb7+ Kf6 36. Qxa7 Qe5 37. h4 Bxd5 38. Bxd5 Qxd5 39.
a4 Kg6 40. Qa6+ Kh7 41. Qb5 Qe4 42. a5 f5 43. a6 f4 44. gxf4 Qxf4 45. Qh5+ Kg8
46. Qd5+ Kh7 47. a7 Qg4+ 48. Kf1 Qh3+ 49. Ke2 Qg4+ 50. Ke3 1-0